| 000 | 00683cam a2200145 4500500 | ||
|---|---|---|---|
| 005 | 20260208005833.0 | ||
| 041 | _afre | ||
| 042 | _adc | ||
| 100 | 1 | 0 |
_aPernot, Denis _eauthor |
| 245 | 0 | 0 | _aLez Valenciennes, n° 33, « La Belgique : un jeu de cartes ? De Rosny aîné à Jacques Brel ». Études réunies par ARNAUD HUFTIER. Presses universitaires de Valenciennes, 2003. Un vol. 15,5 × 23 de 293 p. |
| 260 | _c2005. | ||
| 500 | _a99 | ||
| 786 | 0 | _nRevue d'histoire littéraire de la France | 105 | 4 | 2005-10-01 | p. 1031w-1076w | 0035-2411 | |
| 856 | 4 | 1 | _uhttps://shs.cairn.info/revue-d-histoire-litteraire-de-la-france-2005-4-page-1031w?lang=fr&redirect-ssocas=7080 |
| 999 |
_c1654058 _d1654058 |
||